• 首页
  • 本馆介绍
  • 公告通知
  • 最新文献
  • 馆藏检索
  • 电子资源
  • 读者导购
  • 参考咨询
  • 我的图书馆
  • 登录
  • 详细信息显示
  • 放入我的书架
  • 预约/预借图书
  • 作者相关作品
  • 分类相关作品
  • 丛书相关作品
  • 出版社相关作品

书目信息

  • 表格格式
  • 工作单格式
  • 卡片格式
题名:
长城研究资料两种
    
 
作者: 王国良 , 寿鹏飞 编著
分册:  
出版信息: 台北   明文书局  1983
页数: 1册
开本: 20cm
丛书名:
单 册:
中图分类: K879.1
科图分类:
主题词: 文物--考古--中国
电子资源:
ISBN:
000 00748nam0 2200217 450
001 0653813421
005 20060818150010.98
010    @d台币60.00元
100    @a20060818d1983 km y0chiy0120 ea
101 0  @achi
102    @aCN@b710000
200 1  @a长城研究资料两种@Achang cheng yan jiu zi liao liang zhong@e中国长城沿革考、历代长城考@f王国良,寿鹏飞编著@Fwang guo liang,shou peng fei bian zhu
210    @a台北@c明文书局@d1983
215    @a1册@d20cm
517 1  @a中国长城沿革考、历代长城考@Azhong guo chang cheng yan ge kao、li dai chang cheng kao
606 0  @a文物@x考古@x中国
690    @aK879.1@v3
701  0 @a王国良@Awang guo liang@4编著
701  0 @a寿鹏飞@Ashou peng fei@4编著
801  0 @aCN@bPFT@c20060818
905    @a10447@dK879.1@e197
    
    长城研究资料两种:中国长城沿革考、历代长城考/王国良,寿鹏飞编著.-台北:明文书局,1983
    1册;20cm
    
    
    ISBN :台币60.00元
    
●
相关链接 在E读中查询图书 在五车中查询图书 在当当中查询图书 在豆瓣中查询图书


正题名:长城研究资料两种     索取号:K879.1/197         预约/预借

序号 登录号 条形码 馆藏地/架位号 状态 备注
1 0466557   204665576   密集书库/ [索取号:K879.1/197] 在馆    
唐山师范学院图书馆 欢迎您!
大连网信软件有限公司© 版权所有